000 00563 a2200169 4500
020 _a0697109232
020 _a9780697109231
082 _a520
090 _c796
_d796
100 1 _aEngelbrektson, Sune.
245 1 0 _aAstronomy :
_bthrough time and space /
_cSune Engelbrektson.
260 _a[S.l.] :
_bBrown (William C.) Co ,U.S.,
_c1994
300 _a464 p. ;
_c27 cm.
700 _aEngelbrektson, Sune.
942 _aSNS
_cBK
_k520 ENG
999 _c29421
_d29421